000 00483nam a2200181Ia 4500
008 240925s9999 xx 000 0 und d
020 _a9788126550517
082 _a004.36 DER
100 _aDeroos, Dirk
245 0 _aHadoop for Dummies
250 _aNA
260 _aNew Delhi:
_bJohn Wiley & Sons
_c,2014.
300 _a1043p.
_b0
_fOriginal
500 _aIncludes Index
600 _aComputer Science
650 _aComputer science, information & general works
942 _cBK
999 _c13521
_d13521